LEADER 01224nam a2200289 u 4500 001 000000080184 003 CaOOAMICUS 005 20070226123623.0 008 040630s2003 fr u000 u fre u 020 $a284713008X 035 $a11002566 040 $aPUL$bita 245 00$aFemmes dans le Christ vers un nouveau féminisme /$csous la direction de Michele M. Schumacher. 260 $aToulouse :$bEditions du Carmel,$c2003. 300 $a490 p. ;$c22 cm 490 1 $aRecherces carmélitaines ;$v3 500 $aIndice : p. 483-490. 504 $aBibliografia in appendice. 650 4$aFemminismo$xAspetti religiosi.$0(OLS)http://pul/subject/27572 700 1 $aSchumacher, Michele M.$0(OLS)http://pul/name/53459 830 0$aRecherces carmélitaines ;$v3.$0(OLS)http://pul/title/105034 850 $aPUL 852 $aPUL$W1$xSL Religione 3$y85$m230. 082 SCHMI 1$j102432$nBK-PRI$b $qDDC 21$B102432$CPULBib$Z2$F102432 $HPUL95608 $81 941 1 $a9 996 $6020$a284713008X$9(OLS)http://pul/number/105876 996 $6245$aFemmes dans le Christ vers un nouveau féminisme$9(OLS)http://pul/title/105033 996 $6260$aToulouse :$bEditions du Carmel$9(OLS)http://pul/publisher/75800 LEADER 01351nam a2200301 a 4500 001 000000143355 003 CaOOAMICUS 005 20150518125352.0 008 150518s2014 it a u000 u ita r 020 $z9788883870804* 040 $aPUL$bita 082 04$a282.092 245 00$aClemente Riva :$bun grande pastore di anime /$ca cura di Roberto Cutaia. 260 $aStresa :$bEdizioni Rosminiane,$c©2014. 300 $a166 p. :$bill. ;$c21 cm 490 1 $aAntonio Rosmini, maestro per il terzo millennio. Opere, studi, la scuola ;$v02 504 $aBibliografia in nota. 600 14$aRiva, Clemente,$cvesc. di Atella,$d1922-1999.$0(OLS)http://pul/subject/41731 700 1 $aCutaia, Roberto.$0(OLS)http://pul/name/92137 830 0$aAntonio Rosmini, maestro per il terzo millennio.$pOpere, studi, la scuola ;$v02.$0(OLS)http://pul/title/181399 850 $aPUL 852 $aPUL$W1$xSL Religione 3$y85$m282. 092 RIVCL 1$j165477$qDDC 21$B165742$CPULBib$Z2$F165742 $H125804 $82 941 1 $a9 996 $6020$z9788883870804*$9(OLS)http://pul/number/157551 996 $6082$a282.092$9(OLS)http://pul/classification/402 996 $6245$aClemente Riva :$bun grande pastore di anime$9(OLS)http://pul/title/181398 996 $6260$aStresa :$bEdizioni Rosminiane$9(OLS)http://pul/publisher/64514